000
00313nam a22001337a 4500
008
170529b xxu||||| |||| 00| 0 eng d
020
_a
3341002901
041
_a
ger
080
_a
621.3
100
_a
27
101
_a
IM
245
_a
FUNKTIONSEINHEITEN DER AUTOMATISIERUNGSTECHNIK
_c
KRIESEL,W
942
_2
udc
_c
BK
999
_c
14721
_d
14721